00347nam a2200097Ia 4500008004100000082001700041100003500058245007300093260007300166300001000239210430s9999 xx 000 0 und d a671.7 E379 E aGlenn O Mallory, Juan B. Hajdu aElectroless Plating Fundamental and Applications / cGlenn O Mallory aFloridabAmerican Electroplaters and Surface Finishers societyc1990 a539p.